[Event "Weekend A"]
[Site "Bari ITA"]
[Date "2003.01.26"]
[Round "5"]
[White "Coratella, Giuseppe"]
[Black "Di Lascio, Savino"]
[Result "1-0"]
[WhiteElo "2164"]
[BlackElo "1864"]
[PlyCount "93"]
[EventDate "2003.01.18"]

1. e4 c6 2. d4 d5 3. Nc3 dxe4 4. Nxe4 Nf6 5. Nxf6+ gxf6 6. Bc4 Bf5 7. Ne2 e6 8.
Ng3 h5 9. Nxf5 Qa5+ 10. c3 Qxf5 11. Qe2 Bd6 12. Be3 Nd7 13. O-O-O Bf4 14. Bd3
Qg5 15. h4 Qh6 16. Kb1 Bxe3 17. fxe3 f5 18. e4 fxe4 19. Bxe4 Nf6 20. Bf3 O-O-O
21. Rhf1 Rhg8 22. Ka1 Rd7 23. c4 Rgd8 24. Qe5 Ng4 25. Bxg4 hxg4 26. g3 Qh8 27.
Qxh8 Rxh8 28. Rf4 f5 29. Re1 Rh6 30. Re5 Rf7 31. Kb1 Kd7 32. Kc2 a6 33. a4 Rh8
34. Kd3 b6 35. d5 exd5 36. cxd5 Rhf8 37. Re6 Rf6 38. Rxf6 Rxf6 39. Kd4 cxd5 40.
Ke5 Re6+ 41. Kxf5 Kd6 42. Rxg4 Re5+ 43. Kf4 Re2 44. h5 Ke7 45. b4 d4 46. Kf3
Re5 47. Re4 1-0

[Event "Weekend A"]
[Site "Bari ITA"]
[Date "2003.01.26"]
[Round "5"]
[White "Indelicati, Giuseppe"]
[Black "Campanile, Roberto"]
[Result "1/2-1/2"]
[WhiteElo "2206"]
[BlackElo "2184"]
[PlyCount "36"]
[EventDate "2003.01.18"]

1. e4 c5 2. c3 d6 3. d4 Nf6 4. Bd3 g6 5. Nf3 Bg7 6. h3 O-O 7. O-O Nc6 8. d5 Nb8
9. c4 b5 10. cxb5 a6 11. Nc3 axb5 12. Bxb5 Ba6 13. Qe2 Bxb5 14. Qxb5 Nbd7 15.
Re1 Rb8 16. Qe2 Nb6 17. Bg5 h6 18. Bf4 Qd7 1/2-1/2

[Event "Weekend A"]
[Site "Bari ITA"]
[Date "2003.01.26"]
[Round "5"]
[White "Lorusso, Lucio"]
[Black "Garrapa, Gianluigi"]
[Result "1-0"]
[WhiteElo "2059"]
[BlackElo "1864"]
[PlyCount "113"]
[EventDate "2003.01.18"]

1. e4 e5 2. Nf3 Nc6 3. Bb5 a6 4. Ba4 Nf6 5. O-O b5 6. Bb3 Be7 7. Re1 d6 8. h3
O-O 9. c3 Bb7 10. d3 Na5 11. Bc2 c5 12. Bg5 Nd7 13. Bxe7 Qxe7 14. Nbd2 g6 15.
d4 Nc6 16. d5 Nd8 17. Nf1 a5 18. Qd2 Kg7 19. N1h2 Nf6 20. Re3 Nh5 21. g3 Bc8
22. Kg2 f5 23. exf5 Bxf5 24. Be4 Nf7 25. Nh4 Bxe4+ 26. Rxe4 Nh6 27. Ng4 Nxg4
28. Rxg4 Qf7 29. Rd1 Rae8 30. Rf1 Kh8 31. Nxg6+ hxg6 32. Qh6+ Qh7 33. Rxg6 Nf4+
34. gxf4 Rxf4 35. Rxd6 Rg8+ 36. Kh2 Rgf8 37. f3 Qxh6 38. Rxh6+ Kg7 39. Re6 e4
40. Rg1+ Kf7 41. fxe4 Rh8 42. Rg3 Rf2+ 43. Rg2 Rf3 44. Rg3 Rf2+ 45. Kg1 Rxb2
46. Rf3+ Kg7 47. d6 Rd2 48. Rf2 Rd3 49. Re7+ Kh6 50. d7 Rd8 51. Rf6+ Kg5 52.
Rf5+ Kg6 53. Rxc5 Kf6 54. Rh7 Rd2 55. Rxb5 Rg8+ 56. Kf1 Rgg2 57. d8=Q+ 1-0

[Event "Weekend A"]
[Site "Bari ITA"]
[Date "2003.01.26"]
[Round "5"]
[White "Palma, Antonio"]
[Black "Tommaselli, Giacomo"]
[Result "0-1"]
[WhiteElo "1813"]
[BlackElo "2052"]
[PlyCount "126"]
[EventDate "2003.01.18"]

1. d4 Nf6 2. c4 e6 3. Nc3 Bb4 4. e3 Bxc3+ 5. bxc3 b6 6. Bd3 Bb7 7. f3 d6 8. Ne2
Nbd7 9. O-O O-O 10. Ng3 Re8 11. e4 c5 12. Bg5 Qc7 13. Rc1 Rac8 14. d5 Ba6 15.
f4 Rb8 16. Rb1 Bc8 17. Bxf6 Nxf6 18. e5 dxe5 19. d6 Qd8 20. fxe5 Nd7 21. Qe2
Qg5 22. Qe4 g6 23. Rbe1 Bb7 24. Qf4 Qxf4 25. Rxf4 Kg7 26. Rg4 f5 27. Rf4 Bc6
28. Rf2 Rb7 29. Nf1 a6 30. Rb2 Reb8 31. Nd2 b5 32. a3 b4 33. cxb4 cxb4 34. axb4
Rxb4 35. Rxb4 Rxb4 36. Nf3 Nc5 37. Rd1 Bd7 38. Be2 a5 39. Nd4 a4 40. Bf3 Rxc4
41. Bc6 Kf7 42. Nxe6 Bxe6 43. d7 Nxd7 44. Bxd7 Re4 45. Bc6 Rc4 46. Rd6 a3 47.
Bd7 Bxd7 48. Rxd7+ Ke6 49. Ra7 Rc3 50. Ra5 g5 51. h3 h5 52. Kh2 f4 53. Ra8 Kxe5
54. Re8+ Kd4 55. Rd8+ Ke3 56. Re8+ Kf2 57. Ra8 g4 58. hxg4 hxg4 59. Ra4 g3+ 60.
Kh3 f3 61. Rf4 a2 62. Ra4 Rc2 63. Ra3 fxg2 0-1

[Event "Weekend A"]
[Site "Bari ITA"]
[Date "2003.01.26"]
[Round "5"]
[White "Shytaj, Carlo"]
[Black "Pizzuto, Samuele Tullio"]
[Result "1-0"]
[WhiteElo "2127"]
[BlackElo "2137"]
[PlyCount "33"]
[EventDate "2003.01.18"]

1. e4 d5 2. exd5 Nf6 3. d4 Bg4 4. Be2 Bxe2 5. Qxe2 Qxd5 6. Nf3 e6 7. c4 Qf5 8.
Nc3 Be7 9. O-O O-O 10. Ne5 h6 11. f4 h5 12. Be3 Nbd7 13. Rad1 Nb6 14. h3 h4 15.
Bf2 Qxf4 16. Be3 Qg3 17. Bf4 1-0

[Event "Weekend A"]
[Site "Bari ITA"]
[Date "2003.01.26"]
[Round "5"]
[White "Vespe, Francesco"]
[Black "Sarno, Carlo"]
[Result "1-0"]
[WhiteElo "1849"]
[BlackElo "1659"]
[PlyCount "101"]
[EventDate "2003.01.18"]

1. d4 Nf6 2. c4 d5 3. Nc3 g6 4. Bf4 a6 5. Nf3 c6 6. e3 Bg7 7. Rc1 O-O 8. Bd3
dxc4 9. Bxc4 Nbd7 10. Qb3 e6 11. O-O Nb6 12. Bd3 Nbd5 13. Bg5 Qd7 14. e4 Nxc3
15. Qxc3 h6 16. Bf4 Rd8 17. h3 Nh5 18. Be3 Nf6 19. Rfd1 Qe8 20. a4 Nd7 21. b4
Nf6 22. Qd2 Kh7 23. Ne5 Nd7 24. Nc4 Qe7 25. e5 Bf8 26. Nd6 Nb6 27. b5 cxb5 28.
axb5 Nd5 29. Ra1 Qd7 30. Nxc8 Rdxc8 31. bxa6 b5 32. Be4 Ra7 33. Bxd5 Qxd5 34.
Qa2 Qa8 35. d5 Re7 36. d6 Rd7 37. Qa5 Rb8 38. Rdb1 f6 39. Rxb5 fxe5 40. Rxb8
Qxb8 41. a7 Qa8 42. Qc7 Rxc7 43. dxc7 Bg7 44. c8=Q Qxc8 45. a8=Q Qd7 46. Ra7
Qd1+ 47. Kh2 e4 48. Qb7 Qd6+ 49. g3 Qe5 50. Qf7 Kh8 51. Ra8+ 1-0

[Event "Weekend A"]
[Site "Bari ITA"]
[Date "2003.01.26"]
[Round "6"]
[White "Campanile, Roberto"]
[Black "Shytaj, Carlo"]
[Result "1/2-1/2"]
[WhiteElo "2184"]
[BlackElo "2127"]
[PlyCount "50"]
[EventDate "2003.01.18"]

1. d4 Nf6 2. c4 g6 3. Nc3 d5 4. cxd5 Nxd5 5. Bd2 Bg7 6. e4 Nb6 7. Be3 O-O 8. h3
f5 9. Nf3 f4 10. Bd2 Nc6 11. d5 Ne5 12. Qb3 Nxf3+ 13. gxf3 e6 14. dxe6 Qe8 15.
e7+ Rf7 16. Nd5 Nxd5 17. Qxd5 c6 18. Qb3 Kh8 19. Bb4 Bf6 20. Bc4 Rxe7 21. Bxe7
Qxe7 22. a4 Bd4 23. Rd1 c5 24. Ke2 b6 25. Rxd4 cxd4 1/2-1/2

[Event "Weekend A"]
[Site "Bari ITA"]
[Date "2003.01.26"]
[Round "6"]
[White "Coratella, Giuseppe"]
[Black "Indelicati, Giuseppe"]
[Result "1/2-1/2"]
[WhiteElo "2164"]
[BlackElo "2206"]
[PlyCount "27"]
[EventDate "2003.01.18"]

1. e4 e5 2. Nf3 Nc6 3. d4 exd4 4. Nxd4 Bc5 5. Nb3 Bb6 6. Nc3 d6 7. Bd3 Qh4 8.
Qf3 Nf6 9. Qg3 Qxg3 10. hxg3 Be6 11. f3 Nd7 12. Bf4 Nde5 13. O-O-O O-O-O 14.
Rhe1 1/2-1/2

[Event "Weekend A"]
[Site "Bari ITA"]
[Date "2003.01.26"]
[Round "6"]
[White "Di Lascio, Savino"]
[Black "Sarno, Carlo"]
[Result "1-0"]
[WhiteElo "1864"]
[BlackElo "1659"]
[PlyCount "91"]
[EventDate "2003.01.18"]

1. Nf3 d5 2. g3 g6 3. Bg2 Bg7 4. O-O Nf6 5. d3 O-O 6. c3 c6 7. b4 Nbd7 8. Nbd2
Ne8 9. Bb2 Nd6 10. a4 e5 11. e4 dxe4 12. dxe4 Nb6 13. Qe2 Be6 14. Rfd1 Qc7 15.
Ng5 Qe7 16. Nxe6 Qxe6 17. Bf1 Rfd8 18. c4 Ne8 19. c5 Nd7 20. Nc4 Nf8 21. Rxd8
Rxd8 22. Rd1 Rxd1 23. Qxd1 Nd7 24. Be2 h5 25. Kg2 b6 26. cxb6 axb6 27. a5 b5
28. Nb6 Nxb6 29. axb6 Qc8 30. Qa1 f6 31. f4 exf4 32. gxf4 Qb8 33. e5 Qxb6 34.
exf6 Bh6 35. Bd4 Qc7 36. Be5 Qf7 37. Qc3 Qe6 38. Bf3 Bf8 39. Qc2 Qf7 40. Qxc6
Qa2+ 41. Kg3 h4+ 42. Kg4 Qb1 43. f7+ Kh7 44. fxe8=Q Qg1+ 45. Bg2 Qd1+ 46. Qf3
1-0

[Event "Weekend A"]
[Site "Bari ITA"]
[Date "2003.01.26"]
[Round "6"]
[White "Garrapa, Gianluigi"]
[Black "Campanile, Antonio"]
[Result "1-0"]
[WhiteElo "1864"]
[BlackElo "2180"]
[PlyCount "49"]
[EventDate "2003.01.18"]

1. e4 d5 2. exd5 Qxd5 3. Nc3 Qd6 4. d4 Nf6 5. Bd3 Nc6 6. Nge2 Bg4 7. f3 Bh5 8.
Bf4 Qd7 9. Qd2 O-O-O 10. O-O-O e6 11. Bb5 a6 12. Ba4 b5 13. Bb3 Na5 14. Bg3 Qc6
15. Nf4 Bg6 16. Nxg6 hxg6 17. Qe2 Be7 18. Be5 Rh7 19. Rhe1 Bb4 20. Rd3 Nd7 21.
d5 Nxb3+ 22. axb3 Qb6 23. dxe6 Qxe6 24. Qe4 Bd6 25. Rxd6 1-0

[Event "Weekend A"]
[Site "Bari ITA"]
[Date "2003.01.26"]
[Round "6"]
[White "Palma, Antonio"]
[Black "Vespe, Francesco"]
[Result "1-0"]
[WhiteElo "1813"]
[BlackElo "1849"]
[PlyCount "79"]
[EventDate "2003.01.18"]

1. d4 Nf6 2. Nf3 g6 3. c4 c5 4. d5 b5 5. cxb5 a6 6. b6 Bb7 7. Nc3 Qxb6 8. e4 d6
9. Be2 Bg7 10. O-O Nbd7 11. Nd2 O-O 12. Nc4 Qc7 13. Bf4 a5 14. Ne3 Ba6 15. Bxa6
Rxa6 16. Qe2 Rb6 17. Nc4 Rb4 18. a4 Nb6 19. Nb5 Qd8 20. Rfc1 Nh5 21. Bd2 Rxc4
22. Rxc4 Nxc4 23. Qxc4 Bxb2 24. Rb1 Bg7 25. Na7 Qd7 26. Nc6 Qg4 27. f3 Qh4 28.
Qc1 f5 29. Bg5 Ng3 30. Bxh4 Ne2+ 31. Kh1 Nxc1 32. Rxc1 fxe4 33. fxe4 Bf6 34.
Nxe7+ Kg7 35. Bxf6+ Rxf6 36. Nc6 Rf2 37. Nxa5 Ra2 38. Nc4 Rxa4 39. Nxd6 Kf6 40.
Nc4 1-0

[Event "Weekend A"]
[Site "Bari ITA"]
[Date "2003.01.26"]
[Round "6"]
[White "Rizzo, Giovanbattista"]
[Black "Pizzuto, Samuele Tullio"]
[Result "0-1"]
[WhiteElo "2092"]
[BlackElo "2137"]
[PlyCount "46"]
[EventDate "2003.01.18"]

1. d4 d5 2. c4 Nc6 3. Nf3 Bg4 4. cxd5 Bxf3 5. gxf3 Qxd5 6. e3 e5 7. Nc3 Bb4 8.
Bd2 Bxc3 9. bxc3 exd4 10. cxd4 Nge7 11. Bg2 O-O 12. Qb3 Qg5 13. Rg1 Rab8 14.
Rc1 Rfe8 15. Rc5 Qf6 16. Bc3 Ng6 17. Kf1 Qd6 18. f4 Nxf4 19. Rf5 Ne6 20. d5
Ncd4 21. exd4 Qa6+ 22. Ke1 Nxd4+ 23. Kd1 Qd3+ 0-1

[Event "Weekend A"]
[Site "Bari ITA"]
[Date "2003.01.26"]
[Round "6"]
[White "Tommaselli, Giacomo"]
[Black "Lorusso, Lucio"]
[Result "0-1"]
[WhiteElo "2052"]
[BlackElo "2059"]
[PlyCount "56"]
[EventDate "2003.01.18"]

1. d4 d5 2. Nf3 Nf6 3. Bf4 e6 4. Nbd2 c5 5. e3 Nc6 6. c3 Bd7 7. Bd3 Nh5 8. Bg5
Be7 9. Bxe7 Qxe7 10. O-O g6 11. dxc5 Qxc5 12. e4 Nf4 13. Nb3 Qb6 14. exd5 Nxd5
15. Qd2 h6 16. c4 Nde7 17. Qc3 O-O-O 18. a3 g5 19. Nfd4 a6 20. Nb5 axb5 21.
cxb5 Nd5 22. Qc4 Nf4 23. Be4 f5 24. bxc6 Bxc6 25. Bxc6 Qxc6 26. Rac1 Qxc4 27.
Rxc4+ Kb8 28. Nd4 Rxd4 0-1